Missing Word: Toy Hall of Fame Quiz Stats

 Plays Quiz Updated Nov 9, 2017

Challenge
Share
Tweet
Embed
Score 0/20 Timer 02:00
0 Plays Today
Toy Missing Word % Correct
Mr. _____ HeadPotato
99.1%
Dungeons & _____Dragons
91.9%
Star _____ action figuresWars
91.6%
_____-Bake OvenEasy
90.8%
Lincoln _____Logs
88.4%
_____ AnnRaggedy
81.1%
Silly _____Putty
80%
_____ SoakerSuper
79.1%
_____ WheelsHot
77.5%
_____ CubeRubik's
74.9%
Toy Missing Word % Correct
_____ 8 BallMagic
73.5%
_____ LandCandy
72.8%
Rocking _____Horse
65.6%
Playing _____Cards
51.5%
_____ WheelBig
49.8%
Alphabet _____Blocks
43.9%
_____ AirplanePaper
39.5%
_____ DuckRubber
33%
_____ 2600Atari
29.2%
Baby _____Doll
27.8%

Today's Daily Dose

You're not logged in!

Compare scores with friends on all Sporcle quizzes.
OR
Log In

You Might Also Like...

Show Comments

Extras

Top Quizzes Today


Score Distribution

Your Account Isn't Verified!

In order to create a playlist on Sporcle, you need to verify the email address you used during registration. Go to your Sporcle Settings to finish the process.

Report this User

Report this user for behavior that violates our Community Guidelines.

Details: